000 00448nam a2200157Ia 4500
008 210716s2005 xx 000 0 und d
020 _a8120328299
041 _aeng
082 _a519.5 RENB
100 _aRender, Barry; Stair, Ralph M; Hanna, Michael E.
245 _aQuantitative analysis for management.
250 _a8
260 _aNew Delhi
_bPrentice Hall of India PVt Ltd
_c2005
300 _axxiii,726
650 _aQuantitative Methods
999 _c199370
_d199370